000 00634nam a22002057i 4500
999 _c22791
_d22791
003 AR-CdUCM
008 240313b20072007pe ||||| |||| 00| 0 spa d
020 _a978-958-42-1685-4
040 _aMUNICIPALIDAD PROVINCIAL DEL CUSCO
_cBIBLIOTECA MUNICIPAL DEL CUSCO
041 _hspa
082 _a869.56 / C38
_bC38
100 _aCueto, Alonso
_949468
245 _aEl susurro de la mujer ballena /
260 _aBogotá-Colombia :
_bEditorial Planeta Colombiana S. A.,
_c2007
300 _a259 página. :
_c23 cm.
505 _aLa mujer ballena
650 _aMujer ballena
_949469
942 _2ddc
_cLIBROS
945 _apjr
_d13-03-2024